| 000 | 00443nam a22001817a 4500 | ||
|---|---|---|---|
| 999 |
_c160299 _d160299 |
||
| 005 | 20190124152904.0 | ||
| 010 | _aB-222133 | ||
| 020 |
_a8126021160 _c60.00 |
||
| 035 | _aB-222133 | ||
| 037 | _bSahitya Akadami | ||
| 082 | _aS | ||
| 100 | _aMohanty, Binapani | ||
| 245 |
_aPatadei : _cBinapani Mohanty |
||
| 260 |
_aNew Delhi _bSahitya Akademi |
||
| 300 |
_a120p. _c22cm(hbk) |
||
| 700 | _aMohanty, Ashok K. | ||
| 942 |
_2ddc _cEN _hS _mMOH |
||